000 00671 a2200205 4500
003 NUST
005 20221223142148.0
010 _a 84006905
020 _a8170622697:
040 _cNust
082 0 0 _a355,WOO
100 1 _aWood, W. J.
_976910
245 1 0 _aLeaders and battles :
_bthe art of military leadership /
_cW.J. Wood.
260 _aNovato, CA. :
_bPresidio Press,
_cc1984.
300 _avi, 337 p. :
_bill. ;
_c24 cm.
505 _aPart-1: Courage (Page-33), Part-2: Will (Page-88), Part-3: Intellect (Page-149), Part-4: Presence (Page-239), Part-5: Energy (Page-272).
650 0 _aLeadership.
650 0 _aMilitary history.
942 _2ddc
_cBK
_k355,WOO
999 _c185142
_d185142